|
|
|
|
| LEADER |
01426nam a2200325 a 4500 |
| 001 |
38454 |
| 003 |
BD-DhAAL |
| 008 |
220425t1999 ii a 000 0aben d |
| 999 |
|
|
|c 44136
|d 44136
|
| 010 |
|
|
|a 99933967
|
| 020 |
|
|
|a 8172158564
|
| 025 |
|
|
|a I-B-99-933967; 12
|
| 037 |
|
|
|b Library of Congress -- New Delhi Field Office
|c Rs75.00
|
| 040 |
|
|
|a DLC
|c DLC
|d DLC
|d BD-DhAAL
|
| 042 |
|
|
|a lcode
|
| 050 |
0 |
0 |
|a PK1718.R277
|b Z4645 1999
|
| 082 |
|
|
|a 891.4472092
|2 23
|
| 100 |
1 |
|
|a রায়, অন্নদাশংকর,
|d ১৯০৪-২০০২.
|9 48239
|
| 245 |
1 |
0 |
|a জীবন যৌবন /
|c অন্নদাশংকর রায়.
|
| 250 |
|
|
|a 1. saṃskaraṇa.
|
| 260 |
|
|
|a কলকাতা :
|b আনন্দ পাবলিশার্স,
|c ১৯৯৯.
|
| 300 |
|
|
|a ১৮৪ পৃষ্ঠা :
|b চিত্র ;
|c ২২ সে.মি.
|
| 520 |
|
|
|a Autobiographical memoirs by a 20th century Bengali author.
|
| 541 |
|
|
|a Donated By Akbar Ali Khan
|e 38454
|
| 546 |
|
|
|a In Bengali.
|
| 600 |
1 |
0 |
|a Rāẏa, Annadāśaṅkara,
|d 1904-2002.
|9 48240
|
| 650 |
|
0 |
|a Authors, Bengali
|y 20th century
|v Biography.
|9 48241
|
| 852 |
|
|
|a Ayesha Abed Library
|c Akbar Ali Khan Collection
|
| 942 |
|
|
|2 ddc
|c BK
|
| 952 |
|
|
|0 0
|1 0
|2 ddc
|4 0
|6 891_447209200000000_RAY
|7 1
|9 70555
|a BRACUL
|b BRACUL
|c AAKC
|d 2022-04-25
|e Donated by Akbar Ali Khan
|l 1
|m 10
|o 891.4472092 RAY
|p 3010038454
|r 2026-02-05
|s 2025-10-16
|t 1
|w 2022-04-25
|y BK
|